000 01276nam a22002897a 4500
003 OSt
005 20260413024052.0
008 260406b |||||||| |||| 00| 0 eng d
040 _bEnglish.
_cCvSU-CCAT Campus Library.
_erda.
050 _aUM TJ 280
_bG83 2007
100 _aGudito, Joelito, A., author
_920188
245 _aImprovised cutter heater with temperature controller :
_ba technical feasibility /
_cJoelito A. Gudito, Ceasar A. Malabanan, John Christopher B. Celis.
260 _aRosario, Cavite :
_bCavite State University-CCAT Campus,
_c2007
300 _aii, 28 leaves :
_billustrations ;
_c28 cm
500 _aFeasibility Study (BSIT) -- Cavite State University-CCAT Campus, 2007
504 _aIncludes bibliographical references and appendices.
546 _aIn English text
650 0 _aHeating devices
_920187
_xDesign and construction
650 0 _aTemperature control
_95696
_xEquipment and design
650 _aFeasibility stuides
_920189
650 0 _aCutting tools
_917115
_xHeating
700 _aMalabanan, Ceasar A., author.
_920190
700 _aCelis, John Christopher B., author.
_920191
700 _aAlog, Gregorio M., adviser
_916141
942 _2lcc
_cT/M/D
_hTJ 280 G83 2007
_kUM
999 _c5118
_d5118